Antonín Dvořáks Prager Wohnorte /

Hlavní autor: Bradová, Ludmila
Další autoři: Hurník, Ilja, 1922-2013, Pelánová, Anita, 1950-, Trnková, Klára, 1949-
Jazyk: Němčina
Čeština
Vydáno: Prag : Supraphon, 1989
Vydání: 1. Auflage
Edice: Lyra Pragensis (Supraphon)
Témata:
Fyzický popis: 101 s. : barev. obr. ; 8 cm
Knihy
Uloženo v:
LEADER 01337nam a22003732a 4500
001 000862408
003 CZ BrMZK
005 20070817171309.0
007 ta
008 070817s1989 xr er|||||||||||cze d
015 |a cnb000052972 
020 |a 80-7059-000-9  |q (Váz.) 
035 |a (OCoLC)85652569 
040 |a ABA001  |b cze  |d ABA001 
041 1 |a ger  |h cze 
080 9 |a 78.071 
080 9 |a 929Dvořák,A. 
100 1 |a Bradová, Ludmila  |7 jn20001227235  |4 aut 
245 1 0 |a Antonín Dvořáks Prager Wohnorte /  |c Text von Ludmila Bradová ; aus dem Tschechischen [do něm.] übersetzt von Anita Pelánová ; Nachwort von Ilja Hurník ; Zeichnungen von Klára Trnková 
250 |a 1. Auflage 
260 |a Prag :  |b Supraphon,  |c 1989 
300 |a 101 s. :  |b barev. obr. ;  |c 8 cm 
490 1 |a Lyra Pragensis 
500 |a Ilustr. předsádky 
500 |a Frontispis 
600 1 7 |a Dvořák, Antonín,  |d 1841-1904  |7 jn19981000826  |2 czenas 
700 1 |a Hurník, Ilja,  |d 1922-2013  |7 jn19990209280  |4 wfw 
700 1 |a Pelánová, Anita,  |d 1950-  |7 ola2003193661  |4 trl 
700 1 |a Trnková, Klára,  |d 1949-  |7 jo2008427188  |4 ill 
830 0 |a Lyra Pragensis (Supraphon)  |0 s 
910 |a BOA001  |b S-0951.764 
990 |a BK 
991 |b 200708 
996 6 |b 2619539325  |c S-0951.764  |l MZK  |r Sklad / do 24 hodin  |n 0  |w 000862408  |u 000010  |a 1  |e BOA001  |j MZK50  |s P